<?xml version="1.0" encoding="UTF-8"?><?xml-stylesheet type="text/xsl" href="static/style.xsl"?><OAI-PMH xmlns="http://www.openarchives.org/OAI/2.0/" xmlns:xsi="http://www.w3.org/2001/XMLSchema-instance" xsi:schemaLocation="http://www.openarchives.org/OAI/2.0/ http://www.openarchives.org/OAI/2.0/OAI-PMH.xsd"><responseDate>2026-04-17T05:22:13Z</responseDate><request verb="GetRecord" identifier="oai:www.recercat.cat:2072/398681" metadataPrefix="marc">https://recercat.cat/oai/request</request><GetRecord><record><header><identifier>oai:recercat.cat:2072/398681</identifier><datestamp>2024-10-29T19:52:12Z</datestamp><setSpec>com_2072_98</setSpec><setSpec>col_2072_378192</setSpec></header><metadata><record xmlns="http://www.loc.gov/MARC21/slim" xmlns:dcterms="http://purl.org/dc/terms/" xmlns:xsi="http://www.w3.org/2001/XMLSchema-instance" xmlns:doc="http://www.lyncode.com/xoai" xsi:schemaLocation="http://www.loc.gov/MARC21/slim http://www.loc.gov/standards/marcxml/schema/MARC21slim.xsd">
   <leader>00925njm 22002777a 4500</leader>
   <datafield ind2=" " ind1=" " tag="042">
      <subfield code="a">dc</subfield>
   </datafield>
   <datafield ind2=" " ind1=" " tag="720">
      <subfield code="a">Ripoll, Gisela</subfield>
      <subfield code="e">author</subfield>
   </datafield>
   <datafield ind2=" " ind1=" " tag="260">
      <subfield code="c">2012</subfield>
   </datafield>
   <datafield ind2=" " ind1=" " tag="520">
      <subfield code="a">Este trabajo se enmarca dentro de las actividades del ERAAUB / Equip de Recerca Arqueològica i Arqueomètrica, Universitat de Barcelona (Grup de Recerca Consolidat, SGR2009-01173, &lt;www.eraaub.com>) gracias al Comissionat per a Universitats i Recerca del DIUE de la Generalitat de Catalunya y en los proyectos de investigación HAR2009-13104/Hist. y HAR2012-35177/Hist. (&lt;www.eraaub.com>)</subfield>
   </datafield>
   <datafield ind2=" " ind1=" " tag="520">
      <subfield code="a">Contribució al I Simposi Científic de l'IEM (Reial Acadèmia de Bones Lletres de Barcelona, 3 de juliol de 2012)</subfield>
   </datafield>
   <datafield ind2="0" ind1="0" tag="245">
      <subfield code="a">Arquitectura religiosa hispánica entre los siglos IV y X. Paradojas y dialécticas de la investigación</subfield>
   </datafield>
</record></metadata></record></GetRecord></OAI-PMH>